|
|
|
|
| LEADER |
01581nam a22003015i 4500 |
| 001 |
3113 |
| 003 |
BD-DhAAL |
| 005 |
20230322122435.0 |
| 008 |
160525s2014 ii 001 0 eng |
| 010 |
|
|
|a 2014360984
|
| 020 |
|
|
|a 9789350354773
|
| 040 |
|
|
|a DLC
|b eng
|e rda
|c DLC
|d DLC
|d BD-DhAAL
|
| 082 |
|
|
|2 23
|a 343.078004
|
| 100 |
1 |
|
|a Duggal, Pavan,
|e author.
|9 19594
|
| 245 |
1 |
0 |
|a Cyber law 3.0 :
|b an exhaustive section wise commentary on the Information Technology Act along with rules, regulations, policies, notifications, etc. /
|c Pavan Duggal.
|
| 250 |
|
|
|a 2014 edition.
|
| 264 |
|
1 |
|a New Delhi, India :
|b Universal Law Publishing Co. Pvt. Ltd.,
|c 2014.
|
| 300 |
|
|
|a xxx, 934 pages ;
|c 25 cm.
|
| 500 |
|
|
|a Includes index.
|
| 541 |
|
|
|e 31113, 31114, 31115
|
| 650 |
|
|
|a Computers
|x law and legislation.
|9 19595
|
| 650 |
|
|
|a Law.
|9 43122
|
| 852 |
|
|
|a Ayesha Abed Library
|c General Stacks
|
| 942 |
|
|
|2 ddc
|c BK
|
| 999 |
|
|
|c 37416
|d 37416
|
| 952 |
|
|
|0 0
|1 0
|2 ddc
|4 0
|6 343_078004000000000_DUG
|7 0
|9 59022
|a BRACUL
|b BRACUL
|c GEN
|d 2016-05-16
|e Hye Trade International
|g 2038.00
|l 3
|m 15
|o 343.078004 DUG
|p 3010031113
|r 2019-09-29
|s 2019-09-29
|t 1
|v 2038.00
|w 2016-05-16
|y BK
|
| 952 |
|
|
|0 0
|1 0
|2 ddc
|4 0
|6 343_078004000000000_DUG
|7 0
|9 59023
|a BRACUL
|b BRACUL
|c GEN
|d 2016-05-16
|e Hye Trade International
|g 2038.00
|l 3
|m 16
|o 343.078004 DUG
|p 3010031114
|r 2019-08-25
|s 2019-06-09
|t 2
|v 2038.00
|w 2016-05-16
|y BK
|
| 952 |
|
|
|0 0
|1 0
|2 ddc
|4 0
|6 343_078004000000000_DUG
|7 0
|9 59024
|a BRACUL
|b BRACUL
|c GEN
|d 2016-05-16
|e Hye Trade International
|g 2038.00
|l 3
|m 24
|o 343.078004 DUG
|p 3010031115
|r 2018-08-12
|s 2018-07-08
|t 3
|v 2038.00
|w 2016-05-16
|y BK
|